Montenegro: True or False - Statistics

General Stats
  • This quiz has been taken 54 times
  • The average score is 6 of 7
Answer Stats
Question Answer % Correct
Podgorica is the capital city True
98%
The currency is RSD False
96%
Was a part of Yugoslavia True
96%
Montenegro is landlocked False
90%
Borders Croatia True
88%
It is both an EU and NATO member False
84%
Borders North Macedonia False
82%
No matching quizzes found
Score Distribution
Percent of People with Each Score
Percentile by Number Answered
Your Score History
You have not taken this quiz